000 00384 a2200145 4500
001 169654
020 _a
040 _cMagnum
100 _aAgencia Regional de Noticias
240 1 0 _aClipping em educacao - 04/06/01 a 10/06/01 - ano ii - nº 90
_lpor
245 1 0 _aClipping em educacao - 04/06/01 a 10/06/01 - ano ii - nº 90
362 0 _a1899
697 _aENSINO
942 _cBK
999 _c169654
_d169654